| 000 | 02424nam a2200409 a 4500 | ||
|---|---|---|---|
| 003 | CHAP | ||
| 005 | 20240520131111.0 | ||
| 007 | ta | ||
| 008 | 220809s2020 mx eadbfr|||| 001 0 spa d | ||
| 040 | _amxchpua | ||
| 090 |
_aT.C.847 _bP46 EIUPA _c2020 |
||
| 245 | 1 | 0 |
_aEmpresa "Siempre Alcachofa S.C.", Vicente Riva Palacio, Texcoco, México / _ccoordinadores Juan Pérez Barrón y Ofelia Sandoval Castilla ; colaboradores Diana Laura Coeto Pérez y Beatriz López Cruz |
| 260 |
_aChapingo, México : _bEl autor, _c2020 |
||
| 300 |
_a111 hojas : _bgráficas, planos, fotos + _e1 CD-ROM |
||
| 336 |
_2rdacontent _atexto _btxt |
||
| 337 |
_2rdamedia _ano mediado _bn |
||
| 338 |
_2rdacarrier _avolumen _bnc |
||
| 500 | _aGrado: 7° año Grupo: 01 y 04 | ||
| 502 |
_aViaje de Estudios _b(EIUPA) -- _cUACh. Departamento de Ingeniería Agroindustrial, _d2020 |
||
| 504 | _aBibliografía: hojas 86-89 | ||
| 505 | 0 | _aContiene 4 planos -- 1. Plano de Distribución de áreas (Esc. 1:50) -- 2. Plano de Distribución de equipos (Esc. 1:50) -- 3. Plano de Diagrama de recorrido (Esc. 1:50) -- 4. Plano de Diagrama de recorrido propuesta (Esc. 1:50) -- 5. Plano Diagrama de flujo | |
| 650 | 1 | 3 |
_aAlcachofas _xComercialización |
| 650 | 1 | 0 |
_aIndustria de productos hortícolas _zMéxico _zTexcoco |
| 650 | 1 | 3 |
_9148404 _aPlantas empacadoras |
| 650 | 1 | 3 |
_aArtichokes _xCommercialization |
| 650 | 1 | 3 |
_aHorticultural products industry _zMexico _zTexcoco |
| 650 | 1 | 3 |
_9148403 _aPacking houses |
| 700 | 1 |
_aPérez Barrón, Juan _ecoordinador _9148338 |
|
| 700 | 1 |
_aSandoval Castilla, Ofelia _ecoordinadora _9151810 |
|
| 700 | 1 |
_9185394 _aCoeto Pérez, Diana Laura _ecolaboradora |
|
| 700 | 1 |
_9185395 _aLópez Cruz, Beatriz _ecolaboradora |
|
| 856 | 4 | 1 |
_uhttp://10.13.5.2/ve/T_C_847_EIUPA/T_C_847_EIUPA_2019_PLANO_REPORTE.pdf _yDESCARGAR REPORTE |
| 856 | 4 | 1 |
_uhttp://10.13.5.2/ve/T_C_847_EIUPA/T_C_847_EIUPA_2019_PLANO_DISTRIBUCION_DE_EQUIPO.pdf _yDESCARGAR PLANO DE DISTRIBUCIÓN DE EQUIPOS |
| 856 | 4 | 1 |
_uhttp://10.13.5.2/ve/T_C_847_EIUPA/T_C_847_EIUPA_2019_PLANO_DIAGRAMA_DE_RECORRIDO_ACTUAL.pdf _yDESCARGAR PLANO DE DIAGRAMA DE RECORRIDO |
| 856 | 4 | 1 |
_uhttp://10.13.5.2/ve/T_C_847_EIUPA/T_C_847_EIUPA_2019_PLANO_DIAGRAMA_DE_RECORRIDO_PROPUESTO.pdf _yDESCARGAR PLANO DE DIAGRAMA DE RECORRIDO PROPUESTA |
| 856 | 4 | 1 |
_uhttp://10.13.5.2/ve/T_C_847_EIUPA/T_C_847_EIUPA_2019_PLANO_DIAGRAMA_DE_FLUJO.pdf _yDESCARGAR PLANO DIAGRAMA DE FLUJO |
| 999 |
_c217589 _d217589 |
||